000 00347nam a22001457a 4500
999 _c15500
_d15500
003 OSt
008 180810b ||||| |||| 00| 0 eng d
020 _a0713129115
082 _a671.52
_bGOU/PR
100 _aGourd, L.M
_93259
245 _aPrinciples of welding technology
260 _aLondon
_bEdward Arnold
_c1982
300 _a218
942 _cBK